LIBRARY & INFORMATION CENTRE, KCAET, TAVANUR

ONLINE PUBLIC ACCESS CATALOGUE (OPAC)

Tables Chart on Refrigerant & Psychometrice Properties (SI Unit) (Record no. 19274)

MARC details
000 -LEADER
fixed length control field 00359nam a22001337a 4500
003 - CONTROL NUMBER IDENTIFIER
control field OSt
008 - FIXED-LENGTH DATA ELEMENTS--GENERAL INFORMATION
fixed length control field 250203b |||||||| |||| 00| 0 eng d
041 ## - LANGUAGE CODE
Language code of text/sound track or separate title eng
100 ## - MAIN ENTRY--AUTHOR NAME
Personal name Maskara, PN
245 ## - TITLE STATEMENT
Title Tables Chart on Refrigerant & Psychometrice Properties (SI Unit)
260 ## - PUBLICATION, DISTRIBUTION, ETC. (IMPRINT)
Name of publisher Chemical Publishers of India
700 ## - ADDED ENTRY--PERSONAL NAME
Personal name Sathish Chand
942 ## - ADDED ENTRY ELEMENTS (KOHA)
Koha item type Books
Holdings
Withdrawn status Lost status Damaged status Home library Current library Date acquired Cost, normal purchase price Accession Number Koha item type
Withdrawn     KAUAET KAUAET 03/02/2025 10.00 17618 Books
free website counter